000 00895nam a2200253Ia 4500
003 OSt
005 20220923215228.0
006 a|||||r|||| 00| 0
007 ta
008 220922b |||||||| |||| 00| 0 hin d
024 _a176,760
037 _cTextual
040 _aARTS
_cARTS
_bhin
041 _2hin
_ahin
082 _aO152,1;gN8, M2
100 _aतिवारी, विश्वनाथ प्रसाद
245 0 _aआठवें दशक की हिन्दी कविता
246 _aĀṭhavean dashak kī hindī kavitā
260 _aदिल्ली
_b प्रकाशन संस्थान
_c1982
300 _a259 पृ.
_ccm.
650 _aहिन्दी साहित्य
_9156264
942 _hO152,1;gN8, M2
_cTEXL
_2CC
999 _c330273
_d330273